[Event "DEN-ch sf2"]
[Site "Svendborg"]
[Date "2024.03.29"]
[Round "5"]
[White "Hollesen, Kurt"]
[Black "Jensen, Morten Frank"]
[Result "1/2-1/2"]
[WhiteElo "1947"]
[BlackElo "1999"]
[PlyCount "55"]
[EventDate "2024.03.29"]
[EventType "swiss"]
[EventRounds "7"]
[EventCountry "DEN"]
[SourceTitle "CB16_2024"]
[SourceDate "2024.04.17"]
[SourceVersion "1"]
[SourceVersionDate "2024.04.17"]
[SourceQuality "1"]

1. e4 g6 2. c4 Bg7 3. Nc3 c5 4. g3 d6 5. Bg2 Nc6 6. d3 e6 7. Nge2 Nge7 8. 0-0 0-0 9. f4 Nd4 10. g4 f5 11. exf5 gxf5 12. g5 Nec6 13. Ng3 Rb8 14. h4 b6 15. Kh2 Bb7 16. Rb1 Ne7 17. Nce2 Bxg2 18. Kxg2 Nec6 19. Nxd4 Nxd4 20. Ne2 Nc6 21. b3 Qe8 22. Bb2 Nd4 23. Nxd4 Bxd4 24. Qf3 Qd7 25. Bxd4 cxd4 26. Rbe1 Rfe8 27. Re2 Qb7 28. Rfe1 1/2-1/2

[Event "DEN-ch G7 Gr1"]
[Site "Svendborg"]
[Date "2023.04.05"]
[Round "2"]
[White "Hollesen, Kurt"]
[Black "Christensen, Adam Stanczyk"]
[Result "1-0"]
[WhiteElo "1968"]
[BlackElo "1882"]
[PlyCount "61"]
[EventDate "2023.04.05"]
[EventType "swiss"]
[EventRounds "7"]
[EventCountry "DEN"]
[SourceTitle "CBM 213 Extra"]
[Source "ChessBase"]
[SourceDate "2023.05.31"]
[SourceVersion "1"]
[SourceVersionDate "2023.05.31"]
[SourceQuality "1"]

1. c4 e5 2. Nc3 Nf6 3. e4 Bc5 4. g3 d6 5. h3 Nc6 6. Bg2 Nd4 7. Nge2 Ne6 8. d3 c6 9. 0-0 h5 10. Na4 h4 11. Nxc5 Nxc5 12. g4 Ne6 13. f4 Qb6+ 14. Kh1 Nd4 15. Nxd4 Qxd4 16. Qe2 Qb6 17. Be3 c5 18. fxe5 dxe5 19. Qf2 Qd6 20. Bxc5 Qc7 21. d4 b6 22. dxe5 Nxg4 23. hxg4 bxc5 24. Qf4 Be6 25. b3 0-0-0 26. Rad1 Rxd1 27. Rxd1 f6 28. Rd6 fxe5 29. Qxe5 Bxg4 30. Qd5 Kb8 31. e5 1-0

[Event "DEN-ch G7 Gr1"]
[Site "Svendborg"]
[Date "2023.04.05"]
[Round "5"]
[White "Hollesen, Kurt"]
[Black "Saravana, Vedant Kumar"]
[Result "1/2-1/2"]
[WhiteElo "1968"]
[BlackElo "1947"]
[PlyCount "153"]
[EventDate "2023.04.05"]
[EventType "swiss"]
[EventRounds "7"]
[EventCountry "DEN"]
[SourceTitle "CBM 213 Extra"]
[Source "ChessBase"]
[SourceDate "2023.05.31"]
[SourceVersion "1"]
[SourceVersionDate "2023.05.31"]
[SourceQuality "1"]

1. c4 e5 2. Nc3 Nf6 3. e4 Bc5 4. g3 d6 5. h3 Nc6 6. Bg2 0-0 7. Nge2 a6 8. d3 b5 9. 0-0 Rb8 10. Kh2 Be6 11. Nd5 Nd4 12. f4 c6 13. Nxf6+ gxf6 14. f5 Bd7 15. Bh6 Kh8 16. Bxf8 Qxf8 17. Rb1 b4 18. b3 a5 19. Nxd4 Bxd4 20. Qc1 Qg7 21. h4 c5 22. Rf3 Rg8 23. Qd2 Bc3 24. Qe2 Qh6 25. Bh3 Bc6 26. Rg1 Bd4 27. Rh1 Kg7 28. Qe1 Bc3 29. Qe3 Qh5 30. Qf2 Bd4 31. g4 Bxf2 32. gxh5 Bd4 33. Rg3+ Kh8 34. Rxg8+ Kxg8 35. h6 Be3 36. a3 bxa3 37. Ra1 Bxh6 38. Rxa3 Bd2 39. Bg4 h6 40. Kg2 Kg7 41. Ra2 Bc3 42. Bh5 Be8 43. Kf3 Be1 44. Rg2+ Kf8 45. Ra2 Kg7 46. Ke2 Bb4 47. Kd1 Bc3 48. Rg2+ Kf8 49. Bg4 Bd7 50. Bh3 Bc6 51. Ke2 Bd7 52. Kf3 Bb4 53. Kg4 Kg7 54. Kh5+ Kh7 55. Rg6 fxg6+ 56. fxg6+ Kg7 57. Bxd7 Be1 58. Be8 Bf2 59. Kg4 Be1 60. h5 Bb4 61. Kf5 Ba3 62. Ke6 Bb4 63. Kxd6 Kf8 64. Ke6 Kg7 65. Bc6 Ba3 66. Bd5 Bb4 67. Kd6 Kf8 68. Kc6 Kg7 69. Be6 Kf8 70. Bf5 Kg7 71. Kd5 Kf8 72. d4 exd4 73. e5 fxe5 74. Kxe5 Kg7 75. Bd3 Ba3 76. Ke6 Bb4 77. Be4 1/2-1/2

[Event "DEN-ch G7 Gr1"]
[Site "Svendborg"]
[Date "2023.04.05"]
[Round "3"]
[White "Loveid, Erik"]
[Black "Hollesen, Kurt"]
[Result "1-0"]
[WhiteElo "2023"]
[BlackElo "1968"]
[PlyCount "59"]
[EventDate "2023.04.05"]
[EventType "swiss"]
[EventRounds "7"]
[EventCountry "DEN"]
[SourceTitle "CBM 213 Extra"]
[Source "ChessBase"]
[SourceDate "2023.05.31"]
[SourceVersion "1"]
[SourceVersionDate "2023.05.31"]
[SourceQuality "1"]

1. d4 d5 2. c4 e6 3. Nf3 c6 4. e3 f5 5. Nc3 Nf6 6. Bd3 Bd6 7. b3 Ne4 8. Bb2 Nd7 9. Qc1 Qf6 10. 0-0 0-0 11. Ne2 Kh8 12. Ba3 Qe7 13. Bxd6 Qxd6 14. h4 Qe7 15. Nf4 Rg8 16. Bxe4 fxe4 17. Ng5 Nf8 18. Qa3 Qf6 19. Nh5 Qg6 20. Qe7 h6 21. Nf7+ Kh7 22. Nf4 Qf6 23. Qc7 Ng6 24. Nxg6 Kxg6 25. Ne5+ Kh7 26. g3 Qd8 27. Qf7 Qe8 28. Qf4 Bd7 29. Qg4 Qe7 30. Qg6+ 1-0

[Event "DEN-ch G7 Gr-1"]
[Site "Svendborg"]
[Date "2022.04.13"]
[Round "2"]
[White "Hollesen, Kurt"]
[Black "Rasmussen, Johnny Koust"]
[Result "1-0"]
[WhiteElo "1911"]
[BlackElo "1826"]
[PlyCount "71"]
[EventDate "2022.04.12"]
[EventType "swiss"]
[EventRounds "7"]
[EventCountry "DEN"]
[SourceTitle "EXT 2024"]
[Source "ChessBase"]
[SourceDate "2023.10.10"]
[SourceVersion "1"]
[SourceVersionDate "2023.10.10"]
[SourceQuality "1"]

1. e4 e5 2. c4 Nf6 3. Nc3 Nc6 4. g3 Bc5 5. Bg2 0-0 6. Nge2 a6 7. h3 d6 8. 0-0 Nd4 9. d3 h6 10. Rb1 Bd7 11. b4 Ba7 12. Nxd4 Bxd4 13. Ne2 Ba7 14. d4 Rb8 15. Be3 exd4 16. Bxd4 Bxd4 17. Qxd4 Re8 18. f4 Qe7 19. Nc3 b5 20. Rfe1 bxc4 21. Qxc4 Bb5 22. Qd4 Qe6 23. a4 Bd7 24. Kh2 Rec8 25. e5 Ne8 26. g4 c5 27. bxc5 dxc5 28. Qd2 Rxb1 29. Rxb1 Bc6 30. Rb6 g6 31. Kg1 Ng7 32. Bxc6 Rxc6 33. Rb8+ Rc8 34. Rxc8+ Qxc8 35. Nd5 Qd7 36. Nf6+ 1-0

[Event "DEN-ch G7 Gr-1"]
[Site "Svendborg"]
[Date "2022.04.12"]
[Round "1"]
[White "Gregor, Bjarke"]
[Black "Hollesen, Kurt"]
[Result "1-0"]
[WhiteElo "2077"]
[BlackElo "1911"]
[PlyCount "119"]
[EventDate "2022.04.12"]
[EventType "swiss"]
[EventRounds "7"]
[EventCountry "DEN"]
[SourceTitle "EXT 2024"]
[Source "ChessBase"]
[SourceDate "2023.10.10"]
[SourceVersion "1"]
[SourceVersionDate "2023.10.10"]
[SourceQuality "1"]

1. e4 e6 2. d4 d5 3. Nc3 Nc6 4. Nf3 Nf6 5. Bg5 Be7 6. Bxf6 Bxf6 7. e5 Be7 8. h4 Bd7 9. h5 h6 10. Rh3 a6 11. Rg3 Bf8 12. Ne2 Ne7 13. c3 Nf5 14. Rh3 Bb5 15. g4 Ne7 16. a4 Bc4 17. b3 Bxe2 18. Bxe2 c5 19. dxc5 Nc6 20. b4 Qc7 21. Qd2 Nxe5 22. Nxe5 Qxe5 23. Re3 Qg5 24. Qd4 Be7 25. f4 Qh4+ 26. Kd2 0-0 27. Qd3 Qf6 28. Rf1 Rfd8 29. Re5 d4 30. c4 a5 31. Qe4 Qh4 32. Bd3 Kf8 33. b5 Rac8 34. Qxb7 Bxc5 35. Qf3 Bd6 36. Re4 Qe7 37. g5 Ba3 38. Ke2 Qb4 39. Kf2 Qe7 40. g6 f5 41. Re2 Rd6 42. Kg3 Qd7 43. Rd1 Bb4 44. Re5 Bc5 45. Rde1 Bb4 46. Rc1 Bc5 47. Qe2 Rb6 48. Qf2 Rd6 49. Rce1 Bb4 50. Rd1 Bc5 51. Bf1 Bb4 52. Qc2 Bc5 53. Qd3 Qe7 54. Bg2 Rb6 55. Rde1 Bd6 56. Rxf5+ Kg8 57. Bd5 Bb4 58. Rxe6 Rxe6 59. Re5 Bd6 60. Rxe6 1-0

[Event "DEN-ch G7-2"]
[Site "Svendborg"]
[Date "2019.04.21"]
[Round "6"]
[White "Gregor, Bjarke"]
[Black "Hollesen, Kurt"]
[Result "1-0"]
[WhiteElo "1912"]
[BlackElo "1913"]
[PlyCount "57"]
[EventDate "2019.04.16"]
[EventType "swiss"]
[EventRounds "7"]
[EventCountry "DEN"]
[SourceTitle "EXT 2020"]
[Source "ChessBase"]
[SourceDate "2019.10.17"]
[SourceVersion "1"]
[SourceVersionDate "2019.10.17"]
[SourceQuality "1"]

1. e4 e6 2. d4 d5 3. Nc3 Nf6 4. e5 Nfd7 5. f4 c5 6. Nf3 Nc6 7. Be3 a6 8. Qd2 cxd4 9. Nxd4 Nxd4 10. Bxd4 Bc5 11. 0-0-0 b5 12. Kb1 Qb6 13. Bxc5 Qxc5 14. f5 Nb6 15. Qg5 g6 16. Ne4 Qe7 17. Nd6+ Kd8 18. Nxf7+ Ke8 19. Nd6+ Kd8 20. f6 Qd7 21. h4 Kc7 22. h5 gxh5 23. Rxh5 Bb7 24. f7 Raf8 25. Qg7 Nc8 26. Rxh7 Rxh7 27. Qxf8 Kc6 28. Qe8 Rxf7 29. Qxf7 1-0

[Event "Politiken Cup 30th"]
[Site "Helsingor"]
[Date "2008.07.25"]
[Round "8"]
[White "Hollesen, Kurt"]
[Black "Sjol, Henrik"]
[Result "1-0"]
[WhiteElo "1996"]
[BlackElo "1860"]
[PlyCount "73"]
[EventDate "2008.07.19"]
[EventType "swiss"]
[EventRounds "10"]
[EventCountry "DEN"]
[SourceTitle "CBM 125 Extra"]
[Source "ChessBase"]
[SourceDate "2008.09.01"]
[SourceVersion "1"]
[SourceVersionDate "2008.09.01"]
[SourceQuality "1"]

1. c4 e5 2. Nc3 Nc6 3. e4 d6 4. g3 g6 5. Bg2 Bg7 6. Nge2 Nge7 7. d3 0-0 8. Be3 Be6 9. Qd2 Nd4 10. h3 Qd7 11. Nd5 Nxe2 12. Nxe7+ Qxe7 13. Qxe2 c6 14. 0-0 Rfd8 15. f4 f5 16. Rac1 d5 17. cxd5 cxd5 18. Bc5 Qd7 19. exf5 gxf5 20. fxe5 d4 21. Bd6 Rac8 22. Rxc8 Rxc8 23. Qf2 Bf8 24. Qxd4 Bxd6 25. exd6 Rd8 26. Bd5 Qf7 27. Bc4 Qg6 28. Kh2 Bf7 29. Bxf7+ Qxf7 30. g4 Qg7 31. Qxg7+ Kxg7 32. Rxf5 Rxd6 33. Rf3 Rb6 34. b3 Ra6 35. a4 Rc6 36. Kg3 Rc3 37. d4 1-0

[Event "Valby K41 Spring-A"]
[Site "Valby"]
[Date "2008.04.08"]
[Round "3"]
[White "Walli, Aqil Raad"]
[Black "Hollesen, Kurt"]
[Result "0-1"]
[WhiteElo "1749"]
[BlackElo "1990"]
[PlyCount "80"]
[EventDate "2008.03.25"]
[EventType "tourn"]
[EventRounds "7"]
[EventCountry "DEN"]
[SourceTitle "EXT 2023"]
[Source "ChessBase"]
[SourceDate "2022.10.05"]
[SourceVersion "1"]
[SourceVersionDate "2022.10.05"]
[SourceQuality "1"]

1. e4 c6 2. d4 d5 3. e5 Bf5 4. Nf3 e6 5. c3 Nd7 6. Be3 Qb6 7. b3 a5 8. Nbd2 Ba3 9. Nh4 Bb2 10. Nxf5 exf5 11. Bd3 Ne7 12. Rb1 Bxc3 13. 0-0 Bxd4 14. Bxd4 Qxd4 15. Nf3 Qf4 16. g3 Qg4 17. Qe2 Nc5 18. Bc2 Ne6 19. Rbd1 0-0 20. Nd4 Qxe2 21. Nxe2 Rfe8 22. f4 Nc5 23. Nd4 Ne4 24. Bd3 g6 25. Rc1 Nc8 26. a4 Nb6 27. Rc2 Nd7 28. Nxc6 bxc6 29. Rxc6 Ndc5 30. Bxe4 Nxe4 31. Rd1 Red8 32. Rd3 Rab8 33. Kf1 Rxb3 34. Rxb3 Nd2+ 35. Ke2 Nxb3 36. Kd3 d4 37. Kc2 d3+ 38. Kd1 Rd5 39. Rc3 Nc5 40. Rc4 d2 0-1